[Event "Sarajevo Bosna op 51st"]
[Site "Sarajevo"]
[Date "2022.12.05"]
[Round "5"]
[White "Drazic, Sinisa"]
[Black "Savic, Miodrag R"]
[Result "1/2-1/2"]
[WhiteElo "2372"]
[BlackElo "2422"]
[PlyCount "28"]
[EventDate "2022.12.02"]
[EventType "swiss"]
[EventRounds "7"]
[EventCountry "BIH"]
[SourceTitle "CBM 211 Extra"]
[Source "ChessBase"]
[SourceDate "2023.01.31"]
[SourceVersion "1"]
[SourceVersionDate "2023.01.31"]
[SourceQuality "1"]

1. e4 d5 2. exd5 Qxd5 3. Nc3 Qa5 4. d4 c6 5. Nf3 Nf6 6. Bc4 Bf5 7. Bd2 e6 8. 0-0 Bb4 9. a3 Bxc3 10. Bxc3 Qc7 11. Ne5 Nbd7 12. Qe2 0-0 13. Rfd1 Nxe5 14. dxe5 Nd5 1/2-1/2

[Event "Sarajevo Bosna op 51st"]
[Site "Sarajevo"]
[Date "2022.12.03"]
[Round "3"]
[White "Kozarcanin, Sead"]
[Black "Savic, Miodrag R"]
[Result "0-1"]
[WhiteElo "1986"]
[BlackElo "2422"]
[PlyCount "44"]
[EventDate "2022.12.02"]
[EventType "swiss"]
[EventRounds "7"]
[EventCountry "BIH"]
[SourceTitle "CBM 211 Extra"]
[Source "ChessBase"]
[SourceDate "2023.01.31"]
[SourceVersion "1"]
[SourceVersionDate "2023.01.31"]
[SourceQuality "1"]

1. b3 e5 2. Bb2 Nc6 3. e3 Nf6 4. Bb5 Bd6 5. Bxc6 dxc6 6. c4 0-0 7. d3 Bg4 8. Qc2 Qe7 9. h3 Bh5 10. Nd2 Bb4 11. g4 Bg6 12. e4 Rfd8 13. 0-0-0 a5 14. Ngf3 Nd7 15. Nf1 a4 16. Ng3 axb3 17. axb3 Ra2 18. Qb1 Rda8 19. Rd2 Qf6 20. Nf5 Bxf5 21. gxf5 Qh6 22. Kd1 Qh5 0-1

[Event "Sarajevo Bosna op 51st"]
[Site "Sarajevo"]
[Date "2022.12.03"]
[Round "2"]
[White "Savic, Miodrag R"]
[Black "Kekic, Armin"]
[Result "1/2-1/2"]
[WhiteElo "2422"]
[BlackElo "2133"]
[PlyCount "115"]
[EventDate "2022.12.02"]
[EventType "swiss"]
[EventRounds "7"]
[EventCountry "BIH"]
[SourceTitle "CBM 211 Extra"]
[Source "ChessBase"]
[SourceDate "2023.01.31"]
[SourceVersion "1"]
[SourceVersionDate "2023.01.31"]
[SourceQuality "1"]

1. e4 e5 2. Nf3 Nf6 3. Nxe5 d6 4. Nf3 Nxe4 5. d3 Nf6 6. d4 d5 7. Bd3 Bd6 8. 0-0 0-0 9. Bg5 Bg4 10. Nbd2 c6 11. c3 Nbd7 12. Qc2 Qc7 13. Bh4 Rfe8 14. Rfe1 Bh5 15. Bg3 Bg6 16. Bxg6 hxg6 17. Bxd6 Qxd6 18. g3 Rxe1+ 19. Rxe1 Re8 20. Rxe8+ Nxe8 21. Qa4 a6 22. Qb3 Qc7 23. Qd1 Nd6 24. Qe2 Qd8 25. Qe3 Nf8 26. Ne5 f6 27. Nd3 Kf7 28. Nc5 Qe7 29. Qxe7+ Kxe7 30. Kf1 Ne6 31. Ke2 g5 32. Kd3 g6 33. h3 Nc7 34. b3 Ne6 35. b4 Nc7 36. a4 Ne6 37. Ndb3 Nd8 38. f3 Nc4 39. Nd2 Nd6 40. Ke2 Ne6 41. Ndb3 Nd8 42. Nd3 Ne6 43. Nbc5 Nc7 44. Nb3 Ne6 45. Ndc5 Nd8 46. Nc1 Kf7 47. N1d3 Ke7 48. f4 gxf4 49. Nxf4 g5 50. Nh5 Ne6 51. Kd3 Nxc5+ 52. dxc5 Ne4 53. Kd4 f5 54. h4 f4 55. hxg5 fxg3 56. Nf4 Nxg5 57. Ke3 Kd7 58. Ne2 1/2-1/2

[Event "Sarajevo Bosna op 51st"]
[Site "Sarajevo"]
[Date "2022.12.02"]
[Round "1"]
[White "Sisic, Muhamed"]
[Black "Savic, Miodrag R"]
[Result "0-1"]
[WhiteElo "1921"]
[BlackElo "2422"]
[PlyCount "92"]
[EventDate "2022.12.02"]
[EventType "swiss"]
[EventRounds "7"]
[EventCountry "BIH"]
[SourceTitle "CBM 211 Extra"]
[Source "ChessBase"]
[SourceDate "2023.01.31"]
[SourceVersion "1"]
[SourceVersionDate "2023.01.31"]
[SourceQuality "1"]

1. d4 Nf6 2. Nf3 e6 3. c3 b6 4. Bf4 Bb7 5. e3 c5 6. h3 Nc6 7. Nbd2 d5 8. Bd3 Bd6 9. Bxd6 Qxd6 10. 0-0 0-0 11. Re1 Rfd8 12. Rc1 h6 13. Bb1 e5 14. dxe5 Nxe5 15. Nxe5 Qxe5 16. Nf3 Qc7 17. Qc2 Re8 18. Rcd1 Rad8 19. Nh2 g6 20. Qe2 d4 21. cxd4 cxd4 22. Ng4 Nxg4 23. Qxg4 dxe3 24. Rxe3 Rxe3 25. fxe3 Rxd1+ 26. Qxd1 Qg3 27. Qd2 h5 28. Bc2 h4 29. Bb3 Be4 30. Qd8+ Kh7 31. Qd2 f6 32. a3 Bxg2 33. Qxg2 Qxe3+ 34. Qf2 Qxb3 35. Qxh4+ Kg7 36. Qf4 g5 37. Qc7+ Kg6 38. Qb8 Qe3+ 39. Kg2 Qe4+ 40. Kf2 Qc2+ 41. Ke3 Qb3+ 42. Ke4 f5+ 43. Kd4 Qxb2+ 44. Kd5 Qb3+ 45. Kc6 Qf3+ 46. Kd7 Qd5+ 0-1

[Event "Belgrade Vucicevic Memorial"]
[Site "Belgrade"]
[Date "2022.11.11"]
[Round "13"]
[White "Ivic, Velimir"]
[Black "Savic, Miodrag R"]
[Result "1/2-1/2"]
[WhiteElo "2560"]
[BlackElo "2422"]
[PlyCount "68"]
[EventDate "2022.11.11"]
[EventType "swiss (blitz)"]
[EventRounds "13"]
[EventCountry "SRB"]
[SourceTitle "EXT 2024"]
[Source "ChessBase"]
[SourceDate "2023.10.10"]
[SourceVersion "1"]
[SourceVersionDate "2023.10.10"]
[SourceQuality "1"]

1. c4 e6 2. Nc3 d5 3. d4 Nf6 4. cxd5 exd5 5. Bg5 Be7 6. e3 Nbd7 7. Bd3 h6 8. Bh4 c6 9. Qc2 0-0 10. Nge2 Re8 11. 0-0 Bd6 12. h3 Nf8 13. Rae1 Ne6 14. f3 Ng5 15. Qd2 Nh5 16. Bf2 Bxh3 17. e4 Qf6 18. Bh4 Bd7 19. e5 Nxf3+ 20. Rxf3 Qxh4 21. exd6 Bg4 22. Rf2 Rad8 23. Ref1 Rxd6 24. Rxf7 Rde6 25. Qc2 Nf6 26. Rxb7 Bxe2 27. Bxe2 Qxd4+ 28. Kh1 Qh4+ 29. Kg1 Qd4+ 30. Kh1 Qh4+ 31. Kg1 Qd4+ 32. Kh1 Rxe2 33. Nxe2 Qh4+ 34. Kg1 Ng4 1/2-1/2